000 00258nam a22000977a 4500
999 _c531493
_d531493
082 _a692.5
_bDAS
100 _aDagostino, Frank R.
245 _aEstamating in Building Construction /
942 _2ddc
_cBK